书目信息 |
| 题名: |
弱电系统设计300问
|
|
| 作者: | 范丽丽 主编 | |
| 分册: | ||
| 出版信息: | 北京 中国电力出版社 2010.06 |
|
| 页数: | 265页 | |
| 开本: | 21cm | |
| 丛书名: | 建筑工程设计技术问答丛书 | |
| 单 册: | ||
| 中图分类: | TU85 | |
| 科图分类: | ||
| 主题词: | 房屋建筑设备--电气设备--建筑设计--问答 | |
| 电子资源: | ||
| ISBN: | 978-7-5123-0218-1 | |
| 000 | 00988nam0 2200253 450 | |
| 001 | 1035373340 | |
| 005 | 20101026095033.34 | |
| 010 | @a978-7-5123-0218-1@dCNY22.00 | |
| 100 | @a20101129d2010 km y0chiy0120 ea | |
| 101 | 0 | @achi |
| 102 | @aCN@b110000 | |
| 105 | @aa a 000yy | |
| 200 | 1 | @a弱电系统设计300问@Aruo dian xi tong she ji 300 wen@f范丽丽主编 |
| 210 | @a北京@c中国电力出版社@d2010.06 | |
| 215 | @a265页@c图@d21cm | |
| 225 | 2 | @a建筑工程设计技术问答丛书 |
| 320 | @a有书目 (第265页) | |
| 330 | @a本书根据最新的建筑弱电系统设计规范和各建筑规范中的相关弱电系统知识进行编写。全书共分为八章,主要内容包括计算机网络系统、综合布线系统、建筑设备监控系统、火灾自动报警系统、有线电视和卫星电视接收系统、安全防范系统、广播音响系统和电话通信系统等,其针对性强,内容实用。 | |
| 410 | 0 | @12001 @a建筑工程设计技术问答丛书 |
| 606 | 0 | @a房屋建筑设备@x电气设备@x建筑设计@x问答 |
| 690 | @aTU85@v4 | |
| 701 | 0 | @a范丽丽@Afan li li@4主编 |
| 801 | 0 | @aCN@c20101129 |
| 905 | @dTU85@eF120 | |
| 弱电系统设计300问/范丽丽主编.-北京:中国电力出版社,2010.06 |
| 265页:图;21cm.-(建筑工程设计技术问答丛书) |
| ISBN 978-7-5123-0218-1:CNY22.00 |
| 本书根据最新的建筑弱电系统设计规范和各建筑规范中的相关弱电系统知识进行编写。全书共分为八章,主要内容包括计算机网络系统、综合布线系统、建筑设备监控系统、火灾自动报警系统、有线电视和卫星电视接收系统、安全防范系统、广播音响系统和电话通信系统等,其针对性强,内容实用。 |
| ● |
| 相关链接 |
|
|
|
正题名:弱电系统设计300问
索取号:TU85/F120
 
预约/预借
| 序号 | 登录号 | 条形码 | 馆藏地/架位号 | 状态 | 备注 |
| 1 | 1033512 | 210335127 | 建筑库201/201建筑库 53排1列3层/ [索取号:TU85/F120] | 在馆 | |
| 2 | 1033513 | 210335136 | 建筑库201/201建筑库 53排1列3层/ [索取号:TU85/F120] | 在馆 | |
| 3 | 1033514 | 210335145 | 建筑库201/201建筑库 53排1列3层/ [索取号:TU85/F120] | 在馆 |